All Jacksonville Neighborhoods - Statistics

General Stats
  • This quiz has been taken 67 times
  • The average score is 22 of 157
Answer Stats
# Neighborhood Pop. % Correct
49 Arlington 4,722
82%
20 Downtown 8,000
68%
26 Mid-Westside 7,130
65%
1 Southside 191,445
62%
6 Mandarin 24,039
56%
35 Riverside 5,967
56%
4 San Marco 35,917
53%
50 Springfield 4,674
41%
58 Avondale 4,049
38%
150 Brooklyn 325
38%
5 Murray Hill 29,499
38%
87 Eastside 2,845
35%
152 Mayport 146
35%
66 Oceanway 3,620
35%
2 Ortega 61,496
32%
36 San Jose 5,943
32%
56 Lakeshore 4,194
29%
9 East Arlington 17,656
24%
129 Five Points 1,265
24%
12 Jacksonville Heights 11,477
24%
151 LaVilla 185
24%
64 Miramar 3,632
24%
10 Sandalwood 16,415
24%
28 Cedar Hills 7,019
21%
71 Deercreek 3,370
21%
82 Moncrief Park 2,969
21%
117 New Town 1,823
21%
84 Panama Park 2,956
21%
8 Southbank 17,920
21%
3 Argyle Forest 60,712
18%
122 Fairfax 1,740
18%
133 Fairfield 1,122
18%
34 Girvin 6,131
18%
18 Hyde Park 8,675
18%
148 Normandy 515
18%
72 Ortega Farms 3,367
18%
140 Paxon 805
18%
157 Sea Breeze 9
18%
74 Tallulah-North Shore 3,294
18%
22 Woodland Acres 7,435
18%
40 Arlingwood 5,594
15%
104 Beauclerc 2,171
15%
127 Clifton 1,426
15%
30 Duclay 6,944
15%
80 Hidden Hills 3,041
15%
27 Hillcrest 7,058
15%
32 Holiday Hill 6,872
15%
53 Lake Lucina 4,427
15%
136 Mixon Town 1,009
15%
109 Ortega Forest 2,063
15%
59 Pecan Park 4,044
15%
42 Sans Souci 5,188
15%
47 Spring Park 4,806
15%
107 St. Nicholas 2,109
15%
153 Tallyrand 82
15%
70 University Park 3,445
15%
105 Venetia 2,152
15%
155 Yukon 29
15%
154 Bayard 75
12%
156 Bowden 10
12%
33 Brentwood 6,426
12%
51 Cobblestone 4,550
12%
65 Duval 3,629
12%
75 Fort Caroline Shores 3,218
12%
139 Garden City 892
12%
138 Gilmore 925
12%
38 Glynlea-Grove Park 5,829
12%
7 Golden Glades 19,437
12%
85 Goodby's Creek 2,945
12%
96 Greenfield Manor 2,479
12%
101 Holly Oaks 2,230
12%
149 Imeson Park 327
12%
25 Loretto 7,171
12%
13 Mandarin Station 10,537
12%
137 Oak Haven 1,002
12%
24 Oak Hill 7,210
12%
128 Phoenix 1,279
12%
106 Pickwick Park 2,125
12%
61 Riverview 3,996
12%
115 San Jose Forest 1,930
12%
17 Southside Estates 8,714
12%
111 Spring Glen 2,037
12%
48 Wesconnett 4,769
12%
11 Windy Hill 12,820
12%
23 Arlington Hills 7,432
9%
54 Arlington Manor 4,399
9%
146 Brackridge 600
9%
63 Charter Point 3,670
9%
121 College Gardens 1,765
9%
114 College Park 1,950
9%
143 Colony Cove 708
9%
77 Confederate Point 3,174
9%
21 Crystal Springs 7,632
9%
93 Dinsmore 2,627
9%
69 Duclay Forest 3,449
9%
118 Empire Point 1,797
9%
15 Greenland 10,142
9%
76 Lake Forest 3,186
9%
57 Lakewood 4,107
9%
92 Monterey 2,673
9%
120 Osceola Forest 1,776
9%
124 Robinson's Addition 1,678
9%
113 San Mateo 1,973
9%
81 Southwood 3,027
9%
41 Whitehouse 5,488
9%
79 Woodmere 3,086
9%
73 Alderman Park 3,343
6%
67 Arrowhead 3,619
6%
125 Atlantic Highlands 1,670
6%
78 Beacon Hills 3,143
6%
112 Biltmore 2,022
6%
90 Brierwood 2,741
6%
147 Bulls Bay 568
6%
31 Del Rio 6,887
6%
88 Fairways Forest 2,826
6%
16 Highlands 9,978
6%
94 Hogan's Creek 2,570
6%
52 Jax Heights South 4,509
6%
95 Marietta 2,542
6%
45 McGirts Creek 4,859
6%
37 Normandy Estates 5,916
6%
98 Normandy Village 2,322
6%
14 North Beach 10,311
6%
131 North Estates 1,158
6%
123 Pine Forest 1,682
6%
83 Royal Lakes 2,964
6%
62 Settlers Landing 3,905
6%
44 Sherwood Forest 5,037
6%
97 Sweetwater 2,393
6%
119 29th & Chase 1,785
3%
108 Allendale 2,077
3%
126 Beachwood 1,456
3%
100 Carver Manor 2,234
3%
68 Cedar Hills Estates 3,514
3%
134 Cisco Gardens 1,067
3%
144 Commonwealth 701
3%
19 Craven 8,550
3%
39 Herlong 5,702
3%
132 Holiday Harbors 1,141
3%
55 Jacksonville Farms 4,204
3%
102 Jamestown 2,203
3%
46 Jax Heights West 4,810
3%
89 Lake Forest Hills 2,760
3%
60 Lincoln Villas 3,997
3%
142 Little Marsh Hill 725
3%
116 Longbranch 1,824
3%
135 Love Grove 1,062
3%
91 Monclair 2,722
3%
110 Otis 2,046
3%
145 Picketville 603
3%
99 South Riverside 2,239
3%
29 Sunbeam 7,005
3%
130 Copper Hill 1,190
0%
103 Edgewood Manor 2,191
0%
141 Park Ridge 764
0%
86 Riabult 2,895
0%
43 Woodstock 5,141
0%
No matching quizzes found
Score Distribution
Percent of People with Each Score
Percentile by Number Answered
Your Score History
You have not taken this quiz